O možno prvých postmoderných voľbách na Slovensku alebo prečo sa zmena nemôže stať zmenou
Parlamentné voľby na Slovensku v roku 2010. Politické strany v novej Národnej rade SR. Charakteristika výsledkov volieb v duchu postmoderny.
Na minha lista:
| Autor principal: | |
|---|---|
| Formato: | Capítulo de Livro |
| Idioma: | eslovaco |
| Assuntos: | |
| Tags: |
Sem tags, seja o primeiro a adicionar uma tag!
|
MARC
| LEADER | 00000naa$a2200000$$$4500 | ||
|---|---|---|---|
| 001 | 0116514 | ||
| 005 | 20240502083305.5 | ||
| 041 | 0 | |a slo | |
| 044 | |a CZ | ||
| 245 | 1 | 0 | |a O možno prvých postmoderných voľbách na Slovensku alebo prečo sa zmena nemôže stať zmenou |c František Škvrnda |
| 520 | |a Parlamentné voľby na Slovensku v roku 2010. Politické strany v novej Národnej rade SR. Charakteristika výsledkov volieb v duchu postmoderny. | ||
| 610 | 2 | 0 | |a voľby |
| 610 | 2 | 0 | |a Slovensko |
| 610 | 2 | 0 | |a strany politické |
| 100 | 1 | |a Škvrnda, František | |